00818 2200169 4500245004200000020002200042250001100064100001900075650002000094005001900114260002800133041001400161084000800175300002300183500043300206336000900639 aYou Are My HomecCyntya YanethahText a978-602-251-690-3 aCet. 1 aCyntya Yanetha aNovel Indonesia a20231004081032 aJakartabGrasindoc2014 aIndonesia a813 a154 hlm. :c19 cm. ajudul: you are my home Maudy sanjaya pindah ke rumah warisan kakeknya setelah ditinggal pergi ibunya untuk selama - lamanya . Awalnya , ia hanya berfikir bahwa dengan pindah rumah itu bisa menghemat biaya hidupnya, namun ternyata di rumah itu lebih dari apa yang ia harapkan. Di rumah itu ia bertemu dengan Marko , seorang pria tampan yang misterius . Marko meminta agar maudy mengizinkan ia untuk tinggal di rumah warisan itu. atext